| 000 | 01265nac a22002771u 4500 | ||
|---|---|---|---|
| 010 | _a 96013969 | ||
| 020 | _a0824797310 (hardcover : acid-free paper) | ||
| 082 | 0 | 0 |
_a621.811 _bSTE |
| 090 |
_c3804 _d3804 |
||
| 100 | _aStejskal, VladimiÌ?r. | ||
| 245 | 1 | 0 |
_aKinematics and dynamics of machinery / _cVladimiÌ?r Stejskal, Michael ValaÌ?sÌŒek |
| 260 |
_aNew York : _bM. Dekker,1996 _cc1996. |
||
| 300 |
_axii, 494 p. : _bill. ; _c24 cm. + _e1 computer disk (3 1/2 in.) |
||
| 490 | 1 |
_aMechanical engineering ; _v106 |
|
| 500 | _aDistributer: Al-Ahram | ||
| 504 | _aIncludes bibliographical references (p. 469-487) and index. | ||
| 511 | _aCatalogued by: Sara | ||
| 538 | _aSystem requirements for accompanying computer disk: PC with 8 MB RAM and 5 MB hard drive; MS Windows 95; MS Windows NT or MS Windows 3.1 with Win32s upgrade (v. 1.15.103.0). | ||
| 650 | 0 | _aMachinery, Kinematics of. | |
| 650 | 0 | _aMachinery, Dynamics of. | |
| 700 | 1 | _aValaÌ?sÌŒek, Michael. | |
| 830 | 0 | _aMechanical engineering (Marcel Dekker, Inc.) ; | |
| 856 | 4 | 2 |
_3Publisher description _uhttp://www.loc.gov/catdir/enhancements/fy0661/96013969-d.html |
| 942 |
_cBB _k621.811STE |
||
| 999 |
_c3804 _d3804 |
||